<?xml version="1.0" encoding="UTF-8"?><?xml-stylesheet type="text/xsl" href="static/style.xsl"?><OAI-PMH xmlns="http://www.openarchives.org/OAI/2.0/" xmlns:xsi="http://www.w3.org/2001/XMLSchema-instance" xsi:schemaLocation="http://www.openarchives.org/OAI/2.0/ http://www.openarchives.org/OAI/2.0/OAI-PMH.xsd"><responseDate>2026-06-01T16:37:40Z</responseDate><request verb="GetRecord" identifier="oai:riuma.uma.es:10630/28099" metadataPrefix="marc">https://riuma.uma.es/rest/oai/request</request><GetRecord><record><header><identifier>oai:riuma.uma.es:10630/28099</identifier><datestamp>2026-02-03T12:20:36Z</datestamp><setSpec>com_10630_2254</setSpec><setSpec>col_10630_37959</setSpec></header><metadata><record xmlns="http://www.loc.gov/MARC21/slim" xmlns:dcterms="http://purl.org/dc/terms/" xmlns:doc="http://www.lyncode.com/xoai" xmlns:xsi="http://www.w3.org/2001/XMLSchema-instance" xsi:schemaLocation="http://www.loc.gov/MARC21/slim http://www.loc.gov/standards/marcxml/schema/MARC21slim.xsd">
   <leader>00925njm 22002777a 4500</leader>
   <datafield ind2=" " ind1=" " tag="042">
      <subfield code="a">dc</subfield>
   </datafield>
   <datafield ind2=" " ind1=" " tag="720">
      <subfield code="a">Ghignoli, Alessandro</subfield>
      <subfield code="e">author</subfield>
   </datafield>
   <datafield ind2=" " ind1=" " tag="260">
      <subfield code="c">2023</subfield>
   </datafield>
   <datafield ind2=" " ind1=" " tag="520">
      <subfield code="a">Una de las primeras traducciones poéticas de Lorca al italiano fue la de Carlo Bo. En aquel momento, el intelectual ligur se dio cuenta de la importancia de la obra del poeta andaluz tanto desde un punto de vista puramente literario como desde otro más antropológico y comunicativo. Las traducciones de Bo han sido, a lo largo de los años, objeto de críticas e incluso de valoraciones poco complacientes, ya que se medían en una interpretación fundamentalmente filológica, pero Bo, y el conjunto de la Florencia literaria de los años treinta y cuarenta, impusieron una nueva concepción de la traductología y de su praxis traductora, entendida como la construcción de un texto autónomo.</subfield>
   </datafield>
   <datafield ind1="8" ind2=" " tag="024">
      <subfield code="a">https://hdl.handle.net/10630/28099</subfield>
   </datafield>
   <datafield tag="653" ind2=" " ind1=" ">
      <subfield code="a">Español - Traducción al italiano</subfield>
   </datafield>
   <datafield tag="653" ind2=" " ind1=" ">
      <subfield code="a">García Lorca, Federico (1898-1936) - Poesía</subfield>
   </datafield>
   <datafield ind2="0" ind1="0" tag="245">
      <subfield code="a">Carlo Bo, lector y traductor de Federico García Lorca.</subfield>
   </datafield>
</record>
</metadata></record></GetRecord></OAI-PMH>